<?xml version="1.0" encoding="UTF-8"?><?xml-stylesheet type="text/xsl" href="static/style.xsl"?><OAI-PMH xmlns="http://www.openarchives.org/OAI/2.0/" xmlns:xsi="http://www.w3.org/2001/XMLSchema-instance" xsi:schemaLocation="http://www.openarchives.org/OAI/2.0/ http://www.openarchives.org/OAI/2.0/OAI-PMH.xsd"><responseDate>2026-04-27T12:25:51Z</responseDate><request verb="GetRecord" identifier="oai:uvadoc.uva.es:10324/6743" metadataPrefix="marc">https://uvadoc.uva.es/oai/request</request><GetRecord><record><header><identifier>oai:uvadoc.uva.es:10324/6743</identifier><datestamp>2021-06-29T10:22:09Z</datestamp><setSpec>com_10324_38</setSpec><setSpec>col_10324_852</setSpec></header><metadata><record xmlns="http://www.loc.gov/MARC21/slim" xmlns:doc="http://www.lyncode.com/xoai" xmlns:xsi="http://www.w3.org/2001/XMLSchema-instance" xmlns:dcterms="http://purl.org/dc/terms/" xsi:schemaLocation="http://www.loc.gov/MARC21/slim http://www.loc.gov/standards/marcxml/schema/MARC21slim.xsd">
<leader>00925njm 22002777a 4500</leader>
<datafield tag="042" ind1=" " ind2=" ">
<subfield code="a">dc</subfield>
</datafield>
<datafield tag="720" ind1=" " ind2=" ">
<subfield code="a">Seco Alberdi, Beatriz</subfield>
<subfield code="e">author</subfield>
</datafield>
<datafield tag="260" ind1=" " ind2=" ">
<subfield code="c">2014</subfield>
</datafield>
<datafield tag="520" ind1=" " ind2=" ">
<subfield code="a">El presente Trabajo Fin de Grado tiene como finalidad profundizar en la importancia de la iniciación de la lectoescritura en edades tempranas, así como la elaboración de actividades y utilización de recursos, cuyo único objetivo es el desarrollo de habilidades escritas.&#xd;
Podemos distinguir dos partes fundamentales. En primer lugar, se ha realizado una revisión de las normas legislativas y, sobre todo, una fundamentación teórica basada en distintos autores/as. Por otro lado, se analiza un método didáctico de lectoescritura y, finalmente, se proponen actividades para la mejora de la lectoescritura y las destrezas que en ella influyen.</subfield>
</datafield>
<datafield tag="024" ind2=" " ind1="8">
<subfield code="a">http://uvadoc.uva.es/handle/10324/6743</subfield>
</datafield>
<datafield ind1=" " ind2=" " tag="653">
<subfield code="a">Lectura-Enseñanza</subfield>
</datafield>
<datafield tag="245" ind1="0" ind2="0">
<subfield code="a">El inicio del desarrollo de la comunicación escrita en edades tempranas (3 años)</subfield>
</datafield>
</record></metadata></record></GetRecord></OAI-PMH>